banner-ar

موقف الفكر الاسلامى من الاتجاه التنويرى فى الفكر العربى المعاصر / (Record no. 62183)

MARC details
000 -الفاتح
حقل البيانات ثابتة الطول 00889nam a22002297a 4500
005 - وقت وتاريخ اخر تعامل مع التسجيلة
رقم الضبط 20240530110535.0
008 - عناصر البيانات ثابتة الطول - معلومات عامة
حقل البيانات ثابتة الطول 160330s2013 ua g b 000 0 ara d
017 ## - رقم الايداع القانونى
رقم الايداع القانونى 2012/19593
020 ## - الرقم الدولى المعيارى للكتب
الرقم الدولى المعيارى للكتاب 97898774280351
040 ## - مصدر الفهرسة
وكالة الفهرسة الأصلية EG-CaGPL
082 ## - رقم تصنيف ديوى العشرى
رقم الطبعة 21
رقم التصنيف 214.1497\
رقم المادة ز م
100 0# - المدخل الرئيسى - إسم شخصى
الإسم الشخصى زينب مصطفى صابر سويفى
245 10 - بيان العنوان
العنوان موقف الفكر الاسلامى من الاتجاه التنويرى فى الفكر العربى المعاصر /
بيان المسئوليه,etc زينب مصطفى صابر سويفى
250 ## - بيان الطبعة
بيان الطبعة ط1
260 ## - PUBLICATION, DISTRIBUTION, ETC. (IMPRINT)
تاريخ النشر أو التوزيع 2013 .
300 ## - الوصف المادى
التعداد 367 ص ؛
أبعاد الوعاء 24 سم .
504 ## - تبصرة ببليوجرافية
تبصرة ببليوجرافية,الخ يشتمل على ارجاعات ببليوجرافية
650 04 - المدخل الاضافى بالموضوع-مصطلح موضوعى
مصطلح موضوعي التنوير ( فلسفة )
650 04 - المدخل الاضافى بالموضوع-مصطلح موضوعى
مصطلح موضوعي الاسلام و التنوير
942 ## - عناصر المدخل الإضافي( كوها)
مصدر التصنيف او مخطط الترفيف Dewey Decimal Classification
Koha [default] item type كتاب
260 ## - PUBLICATION, DISTRIBUTION, ETC. (IMPRINT)
-- القاهرة :
-- مصر العربية للنشر و التوزيع ،
Holdings
حالة التراجع حالة الفقد حالة تلف ليس للاعارة المكان المؤقت الموقع الحالى تاريخ الاكتساب اجمالي اﻻعارات رقم الطلب الباركود تاريخ اخر مشاهدة تاريخ تفعيل السعر نوع وعاء كوها
        مكتبة القاهرة الكبرى مكتبة القاهرة الكبرى 03/30/2016   214.1497\ ز م 161748 03/30/2016 03/30/2016 كتاب

Powered By

EGPV